Kritik der revolutionären Vernunft

Elmentve itt :
Bibliográfiai részletek
Szerző: Balogh István
További közreműködők: Papp Zoltán
Adatforrás:Philobibl
Dokumentumtípus: Könyv
Nyelv:magyar
Kulcsszavak:politikaelmélet
marxi közgazdasági elmélet
társadalomelmélet
Megjelent: Budapest Magyar Tudományos Akadémia (Budapest). Politikai Tudományok Intézete. Etnoregionális Kutatóközpont Inst. für Politischen Wissenschaften der Ungarische Akademie der Wissenschaften 1992
LEADER 00693nam a2200169 c 4500
001 bibPHI0040797
005 20200924124410.1
008 050903s1992 hu 00010 hun d
100 1 |a Balogh István 
240 1 2 |a A forradalmi ész kritikája 
245 1 0 |a Kritik der revolutionären Vernunft  |c István Balogh ; [übers. v. Zoltán Papp] 
260 |a Budapest  |b Magyar Tudományos Akadémia (Budapest). Politikai Tudományok Intézete. Etnoregionális Kutatóközpont  |b Inst. für Politischen Wissenschaften der Ungarische Akademie der Wissenschaften  |c 1992 
300 |a 266 p. 
695 |a politikaelmélet 
695 |a marxi közgazdasági elmélet 
695 |a társadalomelmélet 
700 1 |a Papp Zoltán